000 00332nam a2200109Ia 4500
008 160909s9999 xx 000 0 und d
100 _aGonzalez, Ricardo
245 _aLeo
260 _bCalifornia State University, Long Beach.
_c2016
650 _aMULTIMEDIA ARTS
856 _uhttp://pqdtopen.proquest.com/doc/1780296456.html?FMT=ABS
999 _c304345
_d304345